000 01023cam a22003371a 4500
001 8357466
003 PILC
005 20160217122515.0
008 720725s1949 nyua j 000 1 eng
010 _a 49010997
020 _a0688057888
035 _a(OCoLC)364946
040 _aDLC
_cODaWU
_dOCoLC
_dPPiU
_dDLC
050 0 0 _aPZ 3
_b.B1477Nat 1935
082 _aFIC
_b B14n 1949
100 1 _aBagnold, Enid.
_95258
245 1 0 _aNational velvet
_cby Enid Bagnold ; illustrations by Paul Brown.
260 _aNew York :
_bW. Morrow,
_cc1949.
300 _a306 p. :
_bill. ;
_c21 cm.
650 0 _aSteeplechasing
_vFiction.
_918079
650 0 _aTeenage girls
_vFiction.
_918080
650 0 _aHorse racing
_vFiction.
_918081
650 0 _aHorses
_vFiction.
_918082
651 0 _aEngland
_vFiction.
_918083
655 7 _aHorse stories.
_2lcsh
_918084
700 1 _aBrown, Paul,
_d1893-1958,
_eill.
_918085
906 _a7
_bcbc
_coclcrpl
_du
_encip
_f19
_gy-gencatlg
942 _2lcc
_cBK
999 _c10891
_d10891